<?xml version="1.0" encoding="UTF-8"?>
<record
    xmlns:xsi="http://www.w3.org/2001/XMLSchema-instance"
    xsi:schemaLocation="http://www.loc.gov/MARC21/slim http://www.loc.gov/standards/marcxml/schema/MARC21slim.xsd"
    xmlns="http://www.loc.gov/MARC21/slim">

  <leader>01488nam a22002177a 4500</leader>
  <controlfield tag="005">20250916161505.0</controlfield>
  <controlfield tag="008">220308b           ||||| |||| 00| 0 eng d</controlfield>
  <datafield tag="020" ind1=" " ind2=" ">
    <subfield code="a">9781118585603</subfield>
  </datafield>
  <datafield tag="040" ind1=" " ind2=" ">
    <subfield code="c">AL</subfield>
  </datafield>
  <datafield tag="041" ind1=" " ind2=" ">
    <subfield code="a">English</subfield>
  </datafield>
  <datafield tag="082" ind1=" " ind2=" ">
    <subfield code="2">23</subfield>
    <subfield code="a">100</subfield>
    <subfield code="b">KOWC</subfield>
  </datafield>
  <datafield tag="100" ind1=" " ind2=" ">
    <subfield code="a">Dean A Kowalski</subfield>
    <subfield code="9">238904</subfield>
  </datafield>
  <datafield tag="245" ind1=" " ind2=" ">
    <subfield code="a">Classic questions and contemporary film</subfield>
    <subfield code="b">: an introduction to philosophy</subfield>
  </datafield>
  <datafield tag="250" ind1=" " ind2=" ">
    <subfield code="a">2</subfield>
  </datafield>
  <datafield tag="260" ind1=" " ind2=" ">
    <subfield code="a">UK</subfield>
    <subfield code="b">John wiley and Sons Inc</subfield>
    <subfield code="c">2016</subfield>
  </datafield>
  <datafield tag="300" ind1=" " ind2=" ">
    <subfield code="a">xii,329 p.</subfield>
    <subfield code="b">PB</subfield>
    <subfield code="c">24x18 cm.</subfield>
  </datafield>
  <datafield tag="365" ind1=" " ind2=" ">
    <subfield code="a">VBI-1348</subfield>
    <subfield code="b">&#x20B9;3042.97</subfield>
    <subfield code="c">&#x20B9;</subfield>
    <subfield code="d">&#x20B9;4057.30</subfield>
    <subfield code="e">25%</subfield>
    <subfield code="f">21-02-2022</subfield>
  </datafield>
  <datafield tag="520" ind1=" " ind2=" ">
    <subfield code="a">Featuring significant revisions and updates, Classic Questions and Contemporary Film: An Introduction to Philosophy, 2nd Edition uses popular movies as a highly accessible framework for introducing key philosophical concepts

Explores 28 films with 18 new to this edition, including Eternal Sunshine of the Spotless Mind, Hotel Rwanda, V for Vendetta, and Memento
Discusses numerous philosophical issues not covered in the first edition, including a new chapter covering issues of personal identity, the meaningfulness of life and death, and existentialism
Offers a rich pedagogical framework comprised of key classic readings, chapter learning outcomes, jargon-free argument analysis, critical thinking and trivia questions, a glossary of terms, and textboxes with notes on the movies discussed
Revised to be even more accessible to beginning philosophers</subfield>
  </datafield>
  <datafield tag="650" ind1=" " ind2=" ">
    <subfield code="a">Philosophy</subfield>
    <subfield code="9">23082</subfield>
  </datafield>
  <datafield tag="942" ind1=" " ind2=" ">
    <subfield code="2">ddc</subfield>
    <subfield code="c">BK</subfield>
  </datafield>
  <datafield tag="999" ind1=" " ind2=" ">
    <subfield code="c">221758</subfield>
    <subfield code="d">221758</subfield>
  </datafield>
  <datafield tag="952" ind1=" " ind2=" ">
    <subfield code="0">0</subfield>
    <subfield code="1">0</subfield>
    <subfield code="2">ddc</subfield>
    <subfield code="4">0</subfield>
    <subfield code="7">3</subfield>
    <subfield code="8">JR</subfield>
    <subfield code="a">AL</subfield>
    <subfield code="b">AL</subfield>
    <subfield code="c">RS</subfield>
    <subfield code="d">2022-03-04</subfield>
    <subfield code="e">Vidyarthi Books</subfield>
    <subfield code="g">3043.00</subfield>
    <subfield code="l">0</subfield>
    <subfield code="o">100 KOWC</subfield>
    <subfield code="p">075573</subfield>
    <subfield code="r">2022-03-08 00:00:00</subfield>
    <subfield code="v">4057.30</subfield>
    <subfield code="w">2022-03-08</subfield>
    <subfield code="y">REF</subfield>
  </datafield>
</record>
